| 000 | 01407nam a22003017a 4500 | ||
|---|---|---|---|
| 003 | PE SENCICO BE | ||
| 005 | 20251020182710.0 | ||
| 008 | 250110b |||||||| |||| 00| 0 eng d | ||
| 040 |
_aPE SENCICO BE _cPE SENCICO BE |
||
| 041 | _aspa | ||
| 082 |
_a709.8537 _bP |
||
| 245 | 1 |
_aPainting of colonial Cusco : _bartistics splendor in the andes / _ctexto: Ananda Cohen Suarez, fotografía: Raúl Montero Quispe |
|
| 250 | _a5 ed | ||
| 260 |
_aCusco : _bHaynanka ediciones ; _c2015 |
||
| 300 |
_a197 p. : _bilustraciones color, láminas ; _c30 cm. |
||
| 500 | _aEn la cubierta: se presentan 158 pinturas reproducidas en alta calidad, a todo color y con dimensiones apropiadas para su estudio ..." | ||
| 505 | 0 | _aThe Virgin Mary -- Advocations of the Virgin -- Scenes from the Life of Christ -- Saint -- Allegories -- The four Last Things -- Angels -- The Corpus Series -- The Zodiac Series -- Mannerism in the Andes -- Genealogical trees and lineages -- The indigenous presence in religious art -- The human body in religious peinting -- Landscape | |
| 650 | 1 | 0 |
_983 _aArte |
| 650 | 2 | 0 |
_92802 _aArte colonial |
| 650 | 2 | 0 |
_92803 _aArte religioso |
| 650 | 2 | 0 |
_92775 _aArte peruano |
| 650 | 2 | 0 |
_92804 _aPintura colonial |
| 651 | 0 |
_9661 _aPerú |
|
| 700 | 1 |
_92805 _aCohen Suarez, Ananda _etexto |
|
| 700 | 1 |
_92806 _aMontero Quispe, Raúl _efotografía |
|
| 910 |
_ahfp _bhfp _chfp |
||
| 942 |
_2ddc _cLIB |
||
| 999 |
_c5049 _d5049 |
||